Central Library OPAC University of Rajshahi

Ethnography of ancient India / (Record no. 24394)

MARC details
000 -LEADER
fixed length control field 00779cam a22002651 4500
001 - CONTROL NUMBER
control field 24394
003 - CONTROL NUMBER IDENTIFIER
rucl marc code BD-RjUL
005 - DATE AND TIME OF LATEST TRANSACTION
control field 20211209001039.0
008 - FIXED-LENGTH DATA ELEMENTS--GENERAL INFORMATION
fixed length control field 140313s1954 gw b b 001 0 eng
035 ## - SYSTEM CONTROL NUMBER
System control number (BD-RjUL)24460
System control number (OCoLC)1829650
040 ## - CATALOGING SOURCE
Original cataloging agency DLC
Transcribing agency MdBJ
Modifying agency BD-RjUL
Language of cataloging eng
041 ## - LANGUAGE CODE
Language code of text/sound track or separate title eng
082 00 - DEWEY DECIMAL CLASSIFICATION NUMBER
Classification number 572.934
Author mark and year SHE 1954
100 1# - MAIN ENTRY--PERSONAL NAME
Personal name Shafer, Robert,
Dates associated with a name 1893-
9 (RLIN) 75109
245 10 - TITLE STATEMENT
Title Ethnography of ancient India /
Statement of responsibility, etc. Robert Shafer.
260 ## - PUBLICATION, DISTRIBUTION, ETC. (IMPRINT)
Place of publication, distribution, etc. Wiesbaden :
Name of publisher, distributor, etc. O. Harrassowitz,
Date of publication, distribution, etc. 1954.
300 ## - PHYSICAL DESCRIPTION
Pagination vii, 173 p. :
Illustrations 2 fold. maps (1 col.) ;
Size 25 cm.
504 ## - BIBLIOGRAPHY, ETC. NOTE
Bibliography, etc Bibliography: p. [171]-173. Bibliographical footnotes.
Bibliography, etc Includes index.
650 #0 - SUBJECT ADDED ENTRY--TOPICAL TERM
Topical term or geographic name as entry element Ethnology
Geographic subdivision India.
9 (RLIN) 75110
942 ## - ADDED ENTRY ELEMENTS (KOHA)
Source of classification or shelving scheme Dewey Decimal Classification
Koha item type Books
Holdings
Lost status Source of classification or shelving scheme Damaged status Not for loan Collection code Permanent Location Current Location Shelving location Date acquired Total Checkouts Full call number Date last seen Copy number Koha item type
  Dewey Decimal Classification   Added to bundle Non-fiction Central Library, University of Rajshahi Central Library, University of Rajshahi Reading Room 13/03/2014   572.934 SHE 1954 13/03/2014 C-1 Books